00610nam a2200205Ia 450000500170000000800410001702000180005804100120007608200130008810000210010124501220012225000120024426000360025630000150029265000230030765000230033065000140035370000190036770000180038620260429111847.0260429s9999||||xx |||||||||||||| ||und|| a9788198144003 aEnglish a547bGIR aGiri, Nand Gopal 0aOrganic name reaction, mechanism and conversion : bfundamentals to advanced synthesis strategies / cNand Gopal Giri a1st ed. aNew Delhi : bAne Books,c2025. a377 p.; hb a Organic chemistry a Organic reactions aChemistry a Saluja, Pooja a Shukla, S.K.